Statistiken für Kennst du alle Yung Hurn Songs

Klicken Sie hier um das Quiz zu spielen!

Allgemein

  • Dieses Quiz wurde 25 mal gespielt
  • Das Durchschnittsergebnis liegt bei 19 aus 95

Antwortstatistiken

22% Korrekt
Eisblock
71%
Ponny
71%
EINE NASE
53%
Ok Cool
53%
Bianco
47%
Cabrio
47%
Schlimm ;-(
47%
AUS MEIN KOPF
41%
Blumé
41%
Diamant
41%
ELFBAR
41%
ALLEINE
35%
MHM
35%
Nein
35%
Opernsänger
35%
Ferrari
29%
HOLLISTER
29%
Parkplatz Kahlenberg
29%
Pillen
29%
Rauch
29%
Rot
29%
Y.Hurn wieso?
29%
AUS MEIN KOPF (SLOWED)
24%
Christus & Blitz
24%
Du lügst
24%
GGGut
24%
<3 aus <3
24%
Mo - So
24%
Popo
24%
Sag mir
24%
Vorbei
24%
22
18%
Beef aber so lala
18%
Bist Du alleine.
18%
Crack
18%
DING DONG
18%
Doppel C
18%
FDP
18%
Gefühle an dich in einer Altbauwohnung, Pt.I
18%
Gefühle an dich in einer Altbauwohnung, Pt.II
18%
Hellwach
18%
Ich will dich
18%
Lachs Anthem
18%
Mama
18%
Nichts mehr fühlen
18%
Noch liebst
18%
Online
18%
Pretty Babé
18%
Sie sagt (Deine Lügen)
18%
Sie will zu mir
18%
Sk8erboi
18%
Skrrt Skrrt
18%
Stoli
18%
Wohnung mit Lift
18%
Beweg dich
12%
Chillen
12%
Flieg
12%
Fühlen
12%
Ganz Wien
12%
Glitzer
12%
Illegal
12%
Intro
12%
Intro
12%
Ja ich weiß
12%
KA
12%
Leaked Song
12%
Leck die Bitch
12%
Leg Dich hin
12%
<3 aus <3 (SLOWED)
12%
Mercedes
12%
Shishabar Rapper
12%
Sie hassen mich.
12%
Sie schauen
12%
Was sie will
12%
YOLO
12%
Bam Oida
6%
BIBABUTZELMANN LOCO FREESTYLE
6%
Bitch i bin a Killa
6%
Bode Miller
6%
Chill mit mein Bae
6%
Dreh eine Tschick
6%
ENGEL 1
6%
Flippe Bricks
6%
GO GO GO
6%
HALLO HALLO HÜPFMANN
6%
INTO YOU
6%
Jeder
6%
JUMPSTYLE AUF MEIN HERZ
6%
MAINFRAME BB
6%
Molly pt.3
6%
Schöner Stein
6%
Shootaz
6%
SLOW SPOOK
6%
Smoky Laut #wandlboost
6%
So wie Acid
6%

Verteilung der Resultate

Perzentil nach korrekt beantworteten Fragen

Anzahl Personen mit jedem Resultat

Ihre Resultats-Entwicklung

Sie haben dieses Quiz noch nicht gespielt